000
00218nam a2200085 4500
001
1258340
005
20260308095313.0
245
_a
BİLİM DEDEKTİFLERİ GÜÇ TAŞI
_c
EMİR HERSAN SEVİL BAL
260
_b
TİMAŞ YAYINLARI
999
_c
1258340
_d
1258340